Welcome to CU Library Online Public Access Catalogue (OPAC)

Financial Administration Degree, 1979 (Record no. 5989)

MARC details
000 -LEADER
fixed length control field 00356nam a22001457a 4500
003 - CONTROL NUMBER IDENTIFIER
control field OSt
005 - DATE AND TIME OF LATEST TRANSACTION
control field 20250526211317.0
008 - FIXED-LENGTH DATA ELEMENTS--GENERAL INFORMATION
fixed length control field 250526b |||||||| |||| 00| 0 eng d
040 ## - CATALOGING SOURCE
Transcribing agency Accra
050 ## - LIBRARY OF CONGRESS CALL NUMBER
Classification number KRX 1083
100 ## - MAIN ENTRY--PERSONAL NAME
Personal name Republic of Ghana
245 ## - TITLE STATEMENT
Title Financial Administration Degree, 1979
Remainder of title S. M. C. D. 221
300 ## - PHYSICAL DESCRIPTION
Extent 38 pages
942 ## - ADDED ENTRY ELEMENTS (KOHA)
Source of classification or shelving scheme Library of Congress Classification
Koha item type Books
Suppress in OPAC No
Holdings
Withdrawn status Lost status Source of classification or shelving scheme Damaged status Not for loan Collection Home library Current library Shelving location Date acquired Total checkouts Full call number Barcode Date last seen Copy number Price effective from Koha item type
    Library of Congress Classification     Non-fiction Law Library (Christ Temple) Law Library (Christ Temple) Reference 05/26/2025   KRX1083 GHA LLCT00000700 05/26/2025 1 05/26/2025 Books
© 2023-2024 Copyright: Central University Libraries. All Rights Reserved | Created by: Mahone Tech Office